000 00238nam a2200097Ia 4500
001 682315
005 20250826161416.0
008 250824s9999 xx 000 0 und d
245 0 _aBİR VARMIŞ BİR YOKMUŞ
_cAYŞE KULİN
260 _bEVEREST
999 _c682315
_d682315